000 01137cam a22003257a 4500
003 CHAP
005 20220329142604.0
008 010920d2001 mx r 00110 spa d
010 _a85334
011 _a86306
035 _a96844
040 _cCHAP
090 _aTesis
100 0 0 _aRoldán Hernández, Remedios Reymundo.
_999425
245 1 0 _aAnormalidades florales en tres cultivares de aguacatero (Persea americana MIll.)
_c/por Remedios Reymundo Roldán Hernández
260 _aChapingo, Méx. :
_bEl autor,
_c2001.
300 _a99 h.
502 _aTesis (M.C. en Horticultura) -- UACH. Departamento de Fitotecnia
590 _aALEPH
_b10
_c20130110
_lUCH01
_h1446
590 _aBATCH-UPD
_b10
_c20130110
_lUCH01
_h0651
590 _aBATCH-UPD
_b10
_c20130410
_lUCH01
_h0335
590 _aBATCH-UPD
_b10
_c20130913
_lUCH01
_h2305
590 _aCONVERSION
_b10
_c20130109
_lUCH01
_h1347
650 1 4 _aAguacate
_xFloracion.
_92517
901 _aBK
905 _aAlejandra Carrasco M.
942 _cFOLL
949 _aTesis
_bBC
_cTES
_d33724000863296
_eTS2
_fc.2
_h39301
_i96844
_si
949 _aTesis
_bBC
_cTES
_d96844
_eTS1
_h39300
_i96844
_sb
999 _c85334
_d85334